000 00881cam a2200349 4500500
005 20260329005350.0
041 _afre
042 _adc
100 1 0 _aLegros, Martin
_eauthor
245 0 0 _aPhilo parano ?
260 _c2023.
500 _a12
690 _aAllégorie de la caverne
690 _aCaverne
690 _aComplot
690 _aComplotisme
690 _aDélire
690 _aDescartes
690 _aDoute
690 _aFolie
690 _aIdole
690 _aLibération
690 _aMétaphysique
690 _aNietzsche
690 _aParanoïa
690 _aPlaton
690 _aRêve
690 _aSensible
690 _aVérité
786 0 _nPhilosophie magazine | 169 | 5 | 2023-05-01 | p. 26-28 | 1951-1787
856 4 1 _uhttps://shs.cairn.info/magazine-philosophie-magazine-2023-5-page-26?lang=fr&redirect-ssocas=7080
999 _c1842703
_d1842703